| 000 | 00882cab a2200241 4500 | ||
|---|---|---|---|
| 001 | WB3347-25 | ||
| 008 | 090401t1997 xxu||||| |||| 00| 0 eng d | ||
| 035 | _a(Sirsi) u82496 | ||
| 041 | _aeng | ||
| 245 | _aFarmers seek £1bn | ||
| 260 | _c1997 | ||
| 350 | _a0 | ||
| 490 |
_aFinancial Times _v2 December 1997, 12; 4 December 1997, 8 |
||
| 490 |
_aFarmers' Weekly _v127(23) 5 December 1997, 6(4) |
||
| 520 | _aBritish farmers are seeking £1bn compensation as the NFU and Deloitte & Touche predict reductions in farm incomes by up to 50%. The strong pound and falling cattle prices are undermining the agricultural industry. The Agriculture Minister has ruled out extra compensation. | ||
| 650 | _aCOMPENSATION | ||
| 650 | _aFARM INCOMES | ||
| 650 | _aGREEN POUND | ||
| 650 | _aNATIONAL FARMERS UNION | ||
| 690 | _aRURAL PRACTICE | ||
| 942 | _n0 | ||
| 948 | _c04/12/1997 | ||
| 999 |
_c52094 _d52094 |
||